Hell under fire : (Record no. 9364)

MARC details
000 -LEADER
fixed length control field 01453cam a22003374a 4500
001 - CONTROL NUMBER
control field 13532760
003 - CONTROL NUMBER IDENTIFIER
control field GBCCL
005 - DATE AND TIME OF LATEST TRANSACTION
control field 20241126110710.0
008 - FIXED-LENGTH DATA ELEMENTS--GENERAL INFORMATION
fixed length control field 040322s2004 miu b 001 0 eng
010 ## -
-- 2004006766
020 ## - INTERNATIONAL STANDARD BOOK NUMBER
International Standard Book Number 0310240417 (alk. paper)
020 ## - INTERNATIONAL STANDARD BOOK NUMBER
Canceled/invalid ISBN 9780310831280
Qualifying information ebook
040 ## - CATALOGING SOURCE
Original cataloging agency DLC
Transcribing agency DLC
Modifying agency DLC
042 ## -
-- pcc
050 00 -
-- BT836.3
-- .H45 2004
082 00 - DEWEY DECIMAL CLASSIFICATION NUMBER
Classification number 236.25
Edition information 22
Item number HEL
245 00 - TITLE STATEMENT
Title Hell under fire :
Remainder of title modern scholarship reinvents eternal punishment /
Statement of responsibility, etc. Christopher W. Morgan, Robert A. Peterson, general editors.
260 ## - PUBLICATION, DISTRIBUTION, ETC.
Place of publication, distribution, etc. Grand Rapids, Mich. :
Name of publisher, distributor, etc. Zondervan,
Date of publication, distribution, etc. c2004.
300 ## - PHYSICAL DESCRIPTION
Extent 256 p. ;
Dimensions 24 cm.
504 ## - BIBLIOGRAPHY, ETC. NOTE
Bibliography, etc. note Includes bibliographical references and indexes.
650 #0 - SUBJECT ADDED ENTRY--TOPICAL TERM
Topical term or geographic name entry element Hell
General subdivision Christianity.
9 (RLIN) 2049
650 #0 - SUBJECT ADDED ENTRY--TOPICAL TERM
Topical term or geographic name entry element Hell
General subdivision Biblical teaching.
9 (RLIN) 16313
700 1# - ADDED ENTRY--PERSONAL NAME
Personal name Morgan, Christopher W.,
Dates associated with a name 1971-
9 (RLIN) 16314
700 1# - ADDED ENTRY--PERSONAL NAME
Personal name Peterson, Robert A.,
Dates associated with a name 1948-
9 (RLIN) 16315
856 41 - ELECTRONIC LOCATION AND ACCESS
Materials specified Table of contents only
Uniform Resource Identifier <a href="http://www.loc.gov/catdir/toc/fy052/2004006766.html">http://www.loc.gov/catdir/toc/fy052/2004006766.html</a>
856 42 - ELECTRONIC LOCATION AND ACCESS
Materials specified Publisher description
Uniform Resource Identifier <a href="http://www.loc.gov/catdir/enhancements/fy0633/2004006766-d.html">http://www.loc.gov/catdir/enhancements/fy0633/2004006766-d.html</a>
856 41 - ELECTRONIC LOCATION AND ACCESS
Materials specified Sample text
Uniform Resource Identifier <a href="http://www.loc.gov/catdir/enhancements/fy0642/2004006766-s.html">http://www.loc.gov/catdir/enhancements/fy0642/2004006766-s.html</a>
906 ## - LOCAL DATA ELEMENT F, LDF (RLIN)
a 7
b cbc
c orignew
d 1
e ecip
f 20
g y-gencatlg
942 ## - ADDED ENTRY ELEMENTS (KOHA)
Source of classification or shelving scheme Dewey Decimal Classification
Koha item type Books
Koha issues (borrowed), all copies 2
Holdings
Withdrawn status Lost status Source of classification or shelving scheme Damaged status Not for loan Home library Current Library Shelving location Date acquired Total checkouts Total renewals Full call number Barcode Date last seen Date last checked out Copy number Price effective from Koha item type
    Dewey Decimal Classification     GRACE BIBLE COLLEGE GRACE BIBLE COLLEGE Theology 2022-11-08 3 1 236.25 HEL 015845 2025-12-01 2025-11-26 c.1 2022-11-08 Books
© Grace Bible College Library 2025